Szczegóły MARC21

Inwestycje : instrumenty finansowe, aktywa niefinansowe, ryzyko finansowe, inżynieria finansowa /

005 -DATA I CZAS OSTATNIEJ MODYFIKACJI [,]
    • @
    • pole kontrolne
    • 20101229103447.0
020 -Międzynarod. znormalizowany nr książki - ISBN [ , ]
    • a
    • Numer ISBN
    • 9788301149574 Find
040 -Instytucja sporządzająca opis [ , ]
    • a
    • Instytucja, która sporządziła opis (NP)
    • SZCZ U/KLR
    • c
    • Instytucja, która sporządziła rekord (NP)
    • SZCZ U/KLR
    • d
    • Instytucja, która zmodyfikowała rekord (P)
    • SZCZ U/RJ
041 -Język dokumentu [0, ]
    • a
    • Język tekstu (P)
    • polski
044 -Kraj miejsca wydania [ , ]
    • a
    • Kraj miejsca wydania
    • Polska
942 -Rodzaj dokumentu [ , ]
    • c
    • Rodzaj dokumentu
    • Książka
100 -Hasło główne - nazwa osobowa [1, ]
    • 9
    • KHW
    • 44369
    • a
    • Nazwa osobowa (NP)
    • Jajuga, Krzysztof
    • d
    • Daty biograficzne (NP)
    • (1956- ).
245 -Strefa tytułu i oznaczenia odpowiedzialności [1,0]
    • a
    • Tytuł
    • Inwestycje : Find
    • b
    • Ciąg dalszy tytułu (NP)
    • instrumenty finansowe, aktywa niefinansowe, ryzyko finansowe, inżynieria finansowa / Find
    • c
    • Pozostałe elementy strefy tytułu i oznaczenia odpowiedzialności (NP)
    • Krzysztof Jajuga, Teresa Jajuga.
250 -Strefa wydania [ , ]
    • a
    • Oznaczenie wydania (NP)
    • Wyd. 3 zm.
260 -Strefa adresu wydawniczego [ , ]
    • a
    • Miejsce wydania (P)
    • Warszawa :
    • b
    • Nazwa wydawcy (P)
    • Wydawnictwo Naukowe PWN,
    • c
    • Data wydania (P)
    • 2009.
300 -Strefa opisu fizycznego [ , ]
    • a
    • Określenie formy książki i/lub objętość (NP)
    • 410 s. :
    • b
    • Oznaczenie ilustracji (NP)
    • rys., wykr. :
    • c
    • Format (NP)
    • 24 cm.
490 -Strefa serii i książki wielotomowej - forma nie do wyszukiwania [1, ]
    • a
    • Tytuł (P)
    • FFF. Inwestycje Find
830 -Hasło dodatkowe serii i opisu książki wielotomowej - tytuł ujednolicony/tytuł [ ,0]
    • 9
    • KHW
    • 9475
    • a
    • Tytuł ujednolicony/tytuł (NP)
    • FFF - Wydawnictwo Naukowe PWN.
    • p
    • Nazwa części/podserii/sekcji (P)
    • Inwestycje
504 -Uwaga dot. bibliogr. załącznikowej [ , ]
    • a
    • Uwaga dot. bibliografii załącznikowej
    • Bibliogr. Ind.
080 -Uniwersalna Klasyfikacja Dziesiętna [ , ]
    • 2
    • Identyfikator wydania tablic
    • UDC-P058
    • 9
    • UKD
    • 3192
    • a
    • Symbol klasyfikacji
    • 336.76
    • b
    • Dopowiedzenie
    • Giełda papierów wartościowych. Rynek pieniężny. Rynek kapitałowy. Rynek finansowy.
    • 4
    • UKD2
    • 8594
    • x
    • Poddział wspólny
    • (07)
    • c
    • Dopowiedzenie poddz. wspólnego
    • (Wydawnictwa dydaktyczne. Podręczniki).
080 -Uniwersalna Klasyfikacja Dziesiętna [ , ]
    • 2
    • Identyfikator wydania tablic
    • UDC-P058
    • 9
    • UKD
    • 3200
    • a
    • Symbol klasyfikacji
    • 336.764/.768
    • b
    • Dopowiedzenie
    • Transakcje giełdowe. Obrót papierów wartościowych. Lokowanie kapitału w papierach wartościowych. Zarządzanie majątkiem prywatnym (w formie papierów wartościowych).
    • 4
    • UKD2
    • 8594
    • x
    • Poddział wspólny
    • (07)
    • c
    • Dopowiedzenie poddz. wspólnego
    • (Wydawnictwa dydaktyczne. Podręczniki).
980 -Symbol UKD [ , ]
    • a
    • UKD
    • 336.76:336.764/.768](07)
700 -Hasło dodatkowe - nazwa osobowa [1, ]
    • 9
    • KHW
    • 20364
    • a
    • Nazwa osobowa (NP)
    • Jajuga, Teresa Find
    • d
    • Daty biograficzne (NP)
    • (1954- ).
920 -ISBN [ , ]
    • a
    • ISBN
    • 978-83-01-14957-4 Find
Sygnatura Numer inwentarzowy Status udost. Data inwentaryzacji Lokalizacja
T.11137T.11137-22010-12-08T
 TM.7529-22010-12-08T
 TM.7530-32010-12-08T
 TM.7865-32011-01-10T
 TM.7866-32011-01-10T
 TM.7867-32011-01-10T